Handbook of Biblical criticism / (Record no. 11315)

MARC details
000 -LEADER
fixed length control field 01122pam a2200289 i 4500
001 - CONTROL NUMBER
control field 7328973
003 - CONTROL NUMBER IDENTIFIER
control field OCoLC
005 - DATE AND TIME OF LATEST TRANSACTION
control field 20250306041236.0
008 - FIXED-LENGTH DATA ELEMENTS--GENERAL INFORMATION
fixed length control field 810320s1981 gau bd 000 0 eng
010 ## - LIBRARY OF CONGRESS CONTROL NUMBER
LC control number 81002674
020 ## - INTERNATIONAL STANDARD BOOK NUMBER
International Standard Book Number 0804200459 (pbk.) :
Terms of availability $9.95 (est.)
040 ## - CATALOGING SOURCE
Original cataloging agency DLC
Language of cataloging eng
Description conventions rda
Transcribing agency DLC
Modifying agency DEF
050 0# - LIBRARY OF CONGRESS CALL NUMBER
Classification number 220.6
Item number SO722H
082 0# - DEWEY DECIMAL CLASSIFICATION NUMBER
Classification number 220.6
Edition number 19
Item number SO722H
100 1# - MAIN ENTRY--PERSONAL NAME
Personal name Soulen, Richard N.,
Dates associated with a name 1933-
Authority record control number or standard number https://id.loc.gov/authorities/names/n81022897
9 (RLIN) 455
245 10 - TITLE STATEMENT
Title Handbook of Biblical criticism /
Statement of responsibility, etc. by Richard N. Soulen.
250 ## - EDITION STATEMENT
Edition statement Second edition, Revised and augmented.
264 #1 - PRODUCTION, PUBLICATION, DISTRIBUTION, MANUFACTURE, AND COPYRIGHT NOTICE
Place of production, publication, distribution, manufacture Atlanta, Ga. :
Name of producer, publisher, distributor, manufacturer J. Knox Press,
Date of production, publication, distribution, manufacture, or copyright notice 1981.
300 ## - PHYSICAL DESCRIPTION
Extent 239 pages ;
Dimensions 23 cm
336 ## - CONTENT TYPE
Content type term text
Content type code txt
Source rdacontent
337 ## - MEDIA TYPE
Media type term unmediated
Media type code n
Source rdamedia
338 ## - CARRIER TYPE
Carrier type term volume
Carrier type code nc
Source rdacarrier
504 ## - BIBLIOGRAPHY, ETC. NOTE
Bibliography, etc. note Bibliography: p. 233.
630 00 - SUBJECT ADDED ENTRY--UNIFORM TITLE
Uniform title Bible
General subdivision Criticism, interpretation, etc.
Authority record control number or standard number https://id.loc.gov/authorities/subjects/sh85013617
Form subdivision Dictionaries.
Authority record control number or standard number https://id.loc.gov/authorities/subjects/sh99001671
9 (RLIN) 456
655 #7 - INDEX TERM--GENRE/FORM
Genre/form data or focus term Dictionaries.
Source of term lcgft
Authority record control number or standard number https://id.loc.gov/authorities/genreForms/gf2014026086
9 (RLIN) 457
942 ## - ADDED ENTRY ELEMENTS (KOHA)
Source of classification or shelving scheme Dewey Decimal Classification
Koha item type Books
Holdings
Withdrawn status Lost status Source of classification or shelving scheme Damaged status Not for loan Collection code Home library Current library Shelving location Date acquired Total Checkouts Full call number Barcode Date last seen Price effective from Koha item type
    Dewey Decimal Classification     Non-fiction Harvest Mission College Harvest Mission College General Stacks 06.03.2025   220.6 SO722H 013280 06.03.2025 06.03.2025 Books

OPAC Designed and Maintained by HMC Library Team.
Copyright © HMC Library,Greater Noida, UP.
For any Suggestions/Query Contact library via Email:libhmc@gmail.com